<?xml version="1.0" encoding="UTF-8"?><?xml-stylesheet type="text/xsl" href="static/style.xsl"?><OAI-PMH xmlns="http://www.openarchives.org/OAI/2.0/" xmlns:xsi="http://www.w3.org/2001/XMLSchema-instance" xsi:schemaLocation="http://www.openarchives.org/OAI/2.0/ http://www.openarchives.org/OAI/2.0/OAI-PMH.xsd"><responseDate>2026-04-18T01:14:14Z</responseDate><request verb="GetRecord" identifier="oai:www.recercat.cat:10459.1/468468" metadataPrefix="marc">https://recercat.cat/oai/request</request><GetRecord><record><header><identifier>oai:recercat.cat:10459.1/468468</identifier><datestamp>2025-09-15T18:13:55Z</datestamp><setSpec>com_2072_3622</setSpec><setSpec>col_2072_479130</setSpec></header><metadata><record xmlns="http://www.loc.gov/MARC21/slim" xmlns:dcterms="http://purl.org/dc/terms/" xmlns:xsi="http://www.w3.org/2001/XMLSchema-instance" xmlns:doc="http://www.lyncode.com/xoai" xsi:schemaLocation="http://www.loc.gov/MARC21/slim http://www.loc.gov/standards/marcxml/schema/MARC21slim.xsd">
   <leader>00925njm 22002777a 4500</leader>
   <datafield ind2=" " ind1=" " tag="042">
      <subfield code="a">dc</subfield>
   </datafield>
   <datafield ind2=" " ind1=" " tag="720">
      <subfield code="a">Lorente-Catalán, Eloisa</subfield>
      <subfield code="e">author</subfield>
   </datafield>
   <datafield ind2=" " ind1=" " tag="720">
      <subfield code="a">Leão Pereira, Ana Flávia</subfield>
      <subfield code="e">author</subfield>
   </datafield>
   <datafield ind2=" " ind1=" " tag="720">
      <subfield code="a">Castel Vilalta, David</subfield>
      <subfield code="e">author</subfield>
   </datafield>
   <datafield ind2=" " ind1=" " tag="720">
      <subfield code="a">Joven Pérez, Alfredo</subfield>
      <subfield code="e">author</subfield>
   </datafield>
   <datafield ind2=" " ind1=" " tag="260">
      <subfield code="c">2023</subfield>
   </datafield>
   <datafield ind2=" " ind1=" " tag="520">
      <subfield code="a">The satisfaction and frustration of basic psychological needs (BPN) in Assessment for Learning (AfL)-based interventions in the context of Physical Education Teacher Education is a research area that has not received much attention. This study measures students’ BPN in two consecutive cohorts (face-to-face and emergency virtual teaching) during a module at university that uses AfL in an autonomy supportive learning environment. The Satisfaction and Frustration of the Basic Psychological Needs Scale for Training was administered to fourth year students. Qualitative open-ended questions were incorporated into the questionnaire to deepen on students’ opinions on the experience. The results showed high levels of BPN satisfaction plus low levels of frustration in both face-toface and virtual teaching. Likewise, students confirmed the importance of autonomy, structure and feedback in virtual classes, which supports the idea that autonomy and structure are complementary and not contradictory. It also shows how technologies in virtual teaching generated commitment and learning, favoring continual feedback on tutored work. Although this study contributes to scaling up the empirical evidence of the effects of AfL on motivation, a lot of terrain remains to be explored on its implementation in university contexts that support BPN.</subfield>
   </datafield>
   <datafield ind2=" " ind1=" " tag="520">
      <subfield code="a">La satisfacción y frustración de las necesidades psicológicas básicas (NPB) en intervenciones que utilizan la Evaluación para el Aprendizaje (EpA) en el contexto de la Formación Inicial del Profesorado de Educación Física, es un área de investigación que no ha recibido mucha atención. Este estudio analiza las NPB del estudiantado en dos cohortes consecutivas (presencial y enseñanza virtual de emergencia) en una asignatura que utiliza la EpA en un entorno de apoyo a la autonomía. La Escala de Satisfacción y Frustración de las Necesidades Psicológicas Básicas para la Formación se administró al alumnado de cuarto curso del Grado de Ciencias de la Actividad Física y Deportes. Se incorporaron al cuestionario preguntas cualitativas abiertas para conocer la opinión del estudiantado sobre la experiencia. Los resultados mostraron un alto nivel de satisfacción con baja frustración de las necesidades tanto en la docencia presencial como virtual. Asimismo, se confirmó la importancia que el estudiantado da a la autonomía, la estructura y la retroalimentación en las clases virtuales, lo que sustenta la idea de que la autonomía y la estructura se complementan y no son contradictorias. También muestra cómo las tecnologías en la enseñanza virtual generaron compromiso
y aprendizaje facilitando la retroalimentación continua del trabajo tutorado. Aunque este estudio contribuye a ampliar la evidencia empírica de los efectos de la EpA en la motivación, queda mucho terreno por explorar sobre su implementación en contextos universitarios que apoyen las NPB.</subfield>
   </datafield>
   <datafield tag="653" ind2=" " ind1=" ">
      <subfield code="a">Formative assessment</subfield>
   </datafield>
   <datafield tag="653" ind2=" " ind1=" ">
      <subfield code="a">Self-determination theory</subfield>
   </datafield>
   <datafield tag="653" ind2=" " ind1=" ">
      <subfield code="a">Motivation</subfield>
   </datafield>
   <datafield tag="653" ind2=" " ind1=" ">
      <subfield code="a">Physical Education Teacher Education</subfield>
   </datafield>
   <datafield tag="653" ind2=" " ind1=" ">
      <subfield code="a">Evaluación formativa</subfield>
   </datafield>
   <datafield tag="653" ind2=" " ind1=" ">
      <subfield code="a">Teoría de la autodeterminación</subfield>
   </datafield>
   <datafield tag="653" ind2=" " ind1=" ">
      <subfield code="a">Motivación</subfield>
   </datafield>
   <datafield tag="653" ind2=" " ind1=" ">
      <subfield code="a">Formación Inicial Profesorado de Educación Física</subfield>
   </datafield>
   <datafield ind2="0" ind1="0" tag="245">
      <subfield code="a">Assessment for Learning in face-to-face and in emergency virtual teaching at university: satisfaction and frustration of students’ Basic Psychological Needs</subfield>
   </datafield>
   <datafield ind2="0" ind1="0" tag="245">
      <subfield code="a">Evaluación para el aprendizaje en enseñanza presencial y virtual de emergencia en la universidad: satisfacción y frustración de las Necesidades Psicológicas Básicas del estudiantado</subfield>
   </datafield>
</record></metadata></record></GetRecord></OAI-PMH>